00803nam a22001937a 4500003000900000008004100009040007100050082001900121100002000140245001600160260004500176300002800221440003700249505023600286650001400522650003500536650002500571650001300596AR-CdUCM190306b ||||| |||| 00| 0 spa d aMUNICIPALIDAD PROVINCIAL DEL CUSCOcBIBLIOTECA MUNICIPAL DEL CUSCO a868.32 /bR741 aRojas, Ricardo  aCervantes / aBuenos Aires :bEditorial Losada,c1948. a309 páginas ;c21 cm. aObras completas de Ricardo Rojas aContenido: Donde se recuerda que la biografía de Cervantes se inicia, para la historia documental, con una Elegía compuesta en el estudio Madrileño del Maestro Hoyos, y se da comienzo a esta semblanza espiritual del poeta... aCervantes aCentenario muerte de Cervantes aLiteratura angentina aSiglo XX